| 000 | 00630nam a22001937a 4500 | ||
|---|---|---|---|
| 003 | 0 | ||
| 005 | 20241111134727.0 | ||
| 008 | 241111b xxu||||| |||| 00| 0 eng d | ||
| 020 | _a978-1-938093-53-1 | ||
| 082 |
_aREF 688.7 _bH141 2016 |
||
| 100 | _aHagar, Erin | ||
| 245 |
_aAwesome minds : the inventors of LEGO toys _cErin Hagar ; Art by Paige Garrison. |
||
| 260 |
_aNew York : _bDuo Press, _c2016. |
||
| 300 |
_a45 pages : _bcol. ill. ; _c24 cm. |
||
| 650 |
_aToy industry _zDenmark _vJuvenile literature. |
||
| 650 |
_aLEGO toys _xHistory _vJuvenile literature. |
||
| 700 |
_aGarrison, Paige, _eillustrator. |
||
| 942 |
_2ddc _cBK |
||
| 999 |
_c366670 _d366670 |
||